| 000 | 00618cam a2200217Ia 4500 | ||
|---|---|---|---|
| 001 | 11207425 | ||
| 003 | OCoLC | ||
| 005 | 20221116100929.0 | ||
| 008 | 930414s1963 scu 000 0 eng d | ||
| 010 | _a63021467 | ||
| 040 |
_aHDL _cHDL _dm/c _dOCL _dATH |
||
| 050 | _bG799E | ||
| 082 | _bG799E | ||
| 090 |
_aBS2715.3 _b.G7 1963 |
||
| 100 | 1 | _aGreene, Oliver B. | |
| 245 | 1 | 4 |
_aThe epistle of Paul the Apostle to the Colossians / _cby Oliver B. Greene. |
| 260 |
_aGreenville, S.C. : _bThe Gospel Hour, Inc., _cc1963. |
||
| 300 |
_a235 p. ; _c20 cm. |
||
| 630 | 0 | 0 |
_aBible. _pColossians _vCommentaries. |
| 942 |
_2ddc _cBK |
||
| 999 |
_c10981 _d10981 |
||